• 首页
  • 本馆介绍
  • 公告通知
  • 最新文献
  • 馆藏检索
  • 电子资源
  • 读者导购
  • 参考咨询
  • 我的图书馆
  • 登录
  • 详细信息显示
  • 放入我的书架
  • 预约/预借图书
  • 作者相关作品
  • 分类相关作品
  • 丛书相关作品
  • 出版社相关作品

书目信息

  • 表格格式
  • 工作单格式
  • 卡片格式
题名:
中外财政法律制度比较研究
    
 
作者: 齐守印 , 杨敏 主编
分册:  
出版信息: 北京   法律出版社  2006.06
页数: 451页
开本: 19cm
丛书名:
单 册:
中图分类: D922.204
科图分类:
主题词: 法律--中国
电子资源:
ISBN: 7-5036-3701-3
000 00683nam0 2200217 450
001 0778566439
005 20071221215004.77
010    @a7-5036-3701-3@dCNY35.00
100    @a20071221d2006 km y0chiy0120 ea
101 0  @achi
102    @aCN@b110000
200 1  @a中外财政法律制度比较研究@Azhong wai cai zheng fa lu zhi du bi jiao yan jiu@f齐守印,杨敏主编@Fqi shou yin,yang min zhu bian
210    @a北京@c法律出版社@d2006.06
215    @a451页@d19cm
606 0  @a法律@x中国
690    @aD922.204@v4
701  0 @a齐守印@Aqi shou yin@4主编
701  0 @a杨敏@Ayang min@4主编
801  0 @aCN@b大连网信软件有限公司图书馆@c20071221
905    @aBZT@dD922.204@e1
906    @dCNY35.00@n0@r1
    
    中外财政法律制度比较研究/齐守印,杨敏主编.-北京:法律出版社,2006.06
    451页;19cm
    
    
    ISBN 7-5036-3701-3:CNY35.00
    
●
相关链接 在五车中查询图书 在当当中查询图书 在豆瓣中查询图书


正题名:中外财政法律制度比较研究     索取号:D922.204/1         预约/预借

序号 登录号 条形码 馆藏地/架位号 状态 备注
1 601969   2000601969   中心书库南/013架A面4层3列/ [索取号:D922.204/1] 在馆    
2 601970   2000601970   中心书库南/013架A面4层3列/ [索取号:D922.204/1] 在馆    
3 601971   2000601971   中心书库南/013架A面4层3列/ [索取号:D922.204/1] 在馆    
4 601972   2000601972   中心书库南/013架A面4层3列/ [索取号:D922.204/1] 在馆    
5 601973   2000601973   中心书库南/013架A面4层3列/ [索取号:D922.204/1] 在馆    
6 601974   2000601974   中心书库南/013架A面4层3列/ [索取号:D922.204/1] 在馆    
7 601975   2000601975   中心书库南/013架A面4层3列/ [索取号:D922.204/1] 在馆    
8 601976   2000601976   中心书库南/013架A面4层3列/ [索取号:D922.204/1] 在馆    
9 601977   2000601977   中心书库南/013架A面4层3列/ [索取号:D922.204/1] 在馆    
10 601978   2000601978   中心书库南/013架A面4层3列/ [索取号:D922.204/1] 在馆    
山东省滨州职业学院图书馆 欢迎您!
大连网信软件有限公司© 版权所有